Agatha Christie : (Record no. 1338)

000 -LEADER
fixed length control field 00938nam a22003257a 4500
001 - CONTROL NUMBER
control field 481279
003 - CONTROL NUMBER IDENTIFIER
control field OSt
005 - DATE AND TIME OF LATEST TRANSACTION
control field 20210426083304.0
008 - FIXED-LENGTH DATA ELEMENTS--GENERAL INFORMATION
fixed length control field 841023r1985 nyu b 001 0 eng
010 ## - LIBRARY OF CONGRESS CONTROL NUMBER
LC control number 84048678
020 ## - INTERNATIONAL STANDARD BOOK NUMBER
International Standard Book Number 039452554X
040 ## - CATALOGING SOURCE
Original cataloging agency DLC
Transcribing agency DLC
Modifying agency DLC
Language of cataloging eng
041 ## - LANGUAGE CODE
Language code of text/sound track or separate title eng
050 00 - LIBRARY OF CONGRESS CALL NUMBER
Classification number PR6005.H66
Item number Z75 1985
080 ## - UNIVERSAL DECIMAL CLASSIFICATION NUMBER
Universal Decimal Classification number 92
Item number M-84
082 00 - DEWEY DECIMAL CLASSIFICATION NUMBER
Classification number 823/.912
-- B
Edition number 19
100 1# - MAIN ENTRY--PERSONAL NAME
Personal name Morgan, Janet P.
245 10 - TITLE STATEMENT
Title Agatha Christie :
Remainder of title a biography /
Statement of responsibility, etc. / by: Alfred A. Knopf
250 ## - EDITION STATEMENT
Edition statement 1st American edition
260 ## - PUBLICATION, DISTRIBUTION, ETC.
Place of publication, distribution, etc. New York
Name of publisher, distributor, etc. Alfred A. Knopf
Date of publication, distribution, etc. 1985, c1984.
300 ## - PHYSICAL DESCRIPTION
Extent xvii, 393 p. ill.
Dimensions 24 cm.
365 ## - TRADE PRICE
Price amount 18.95 usd
500 ## - GENERAL NOTE
General note Includes index.
600 10 - SUBJECT ADDED ENTRY--PERSONAL NAME
Personal name Christie, Agatha,
Dates associated with a name 1890-1976.
650 #0 - SUBJECT ADDED ENTRY--TOPICAL TERM
Topical term or geographic name entry element Authors, English
Chronological subdivision 20th century
General subdivision Biography.
650 #0 - SUBJECT ADDED ENTRY--TOPICAL TERM
Topical term or geographic name entry element Biography
9 (RLIN) 237
653 ## - INDEX TERM--UNCONTROLLED
Uncontrolled term ბიოგრაფია
906 ## - LOCAL DATA ELEMENT F, LDF (RLIN)
a 7
b cbc
c orignew
d 1
e ocip
f 19
g y-gencatlg
942 ## - ADDED ENTRY ELEMENTS (KOHA)
Source of classification or shelving scheme
Koha item type Books
Edition 1
Holdings
Withdrawn status Lost status Source of classification or shelving scheme Damaged status Not for loan Permanent location Current location Date acquired Inventory number Total Checkouts Full call number Barcode Date last seen Price effective from Koha item type
          Ken Walker International University Ken Walker International University 02/11/2021 615   92 M-84 615 02/11/2021 02/11/2021 Books

Powered by Koha